Building a better mouse trap : a programmer's guide to the mouse

Bibliographic Details
Main Author: Donovan, Jeffrey S
Format: Book
Published: New York : McGraw-Hill , 1992
Subjects:

MARC

LEADER 00000cam a2200000 7i4500
001 0000002909
002 000003147
005 20000330.0
020 |a 007881930X 
090 0 0 |a 005.262   |b DON 
100 1 |a Donovan, Jeffrey S 
245 1 0 |a Building a better mouse trap :   |b a programmer's guide to the mouse   |c Jeffrey S. Donovan 
260 |a New York :   |b McGraw-Hill ,   |c 1992 
300 |a 548 p. ;   |c 23 cm. 
650 0 0 |a Computer programming 
650 0 0 |a Mouse (Computer programming language) 
999 |a 035623   |b BUKU   |c PINJAMAN   |e PERPUSTAKAAN KOMUNITI PETALING JAYA 
999 |a 035624   |b BUKU   |c PINJAMAN   |e PERPUSTAKAAN KOMUNITI PETALING JAYA